000 00214nam a22000977a 4500
999 _c16010
_d16010
003 OSt
008 191026b ||||| |||| 00| 0 eng d
100 _aKesavan,Nair.
_94472
245 _aGuruvum Shishyanum
942 _cBK